|
|
|
|
| LEADER |
00000nab#a22000007a#4500 |
| 001 |
arbauad036855 |
| 003 |
AR-BaUAD |
| 005 |
20250711112914.0 |
| 008 |
990520|||||||||###||||||b###|0###a|spa|| |
| 040 |
|
|
|a AR-BaUAD
|c AR-BaUAD
|b spa
|
| 245 |
1 |
0 |
|a Music Theater
|b Graz
|
| 300 |
0 |
|
|b fot., cortes, plantas
|
| 653 |
|
|
|a VAN BERKEL, BEN
|
| 653 |
|
|
|a TEATROS
|
| 653 |
|
|
|a EDIFICIOS CULTURALES
|
| 653 |
|
|
|a AUSTRIA
|
| 653 |
|
|
|a UN STUDIO
|
| 773 |
0 |
|
|t A+U
|g Nº342 [mar. 1999], p. 142-151
|
| 942 |
|
|
|c ARTI
|
| 952 |
|
|
|0 0
|1 0
|4 0
|7 0
|9 81774
|a AR-BAuAD
|b AR-BAuAD
|d 2025-07-11
|l 0
|p AAQA036855
|r 2025-07-11 11:29:14
|w 2025-07-11
|y ARTI
|
| 990 |
|
|
|a AQ199
|b TD
|
| 998 |
|
|
|a AAQ
|b BIBUN76
|
| 999 |
|
|
|c 61447
|d 61447
|